[Event "Ankara Baskent Univ op-B 3rd"]
[Site "Ankara"]
[Date "2018.08.28"]
[Round "3"]
[White "Altundasar, Yigit Bora"]
[Black "Aykose, Can"]
[Result "1-0"]
[WhiteElo "1538"]
[BlackElo "1443"]
[PlyCount "73"]
[EventDate "2018.08.27"]
[EventType "swiss"]
[EventRounds "9"]
[EventCountry "TUR"]
[SourceTitle "EXT 2021"]
[Source "ChessBase"]
[SourceDate "2020.10.23"]
[SourceVersion "1"]
[SourceVersionDate "2020.10.23"]
[SourceQuality "1"]

1. e4 e6 2. d4 d5 3. Nc3 Nf6 4. e5 Nfd7 5. f4 c5 6. Nf3 Nc6 7. Be3 Qb6 8. Na4 Qa5+ 9. c3 b5 10. Nxc5 Nxc5 11. b4 Qa3 12. dxc5 Nxb4 13. Bxb5+ Bd7 14. Bxd7+ Kxd7 15. cxb4 Qxe3+ 16. Kf1 Qxf4 17. Qa4+ Kc7 18. Qa5+ Kb7 19. Kf2 Be7 20. Rac1 Rhc8 21. c6+ Rxc6 22. Qb5+ Rb6 23. Qd7+ Ka6 24. Qxe7 Rxb4 25. Rc6+ Rb6 26. Qd7 g5 27. Rb1 Rab8 28. Qd6 Qa4 29. Qxb8 Qxa2+ 30. Kg3 Qxb1 31. Rxb6+ axb6 32. Qa8+ Kb5 33. Qe8+ Kc5 34. Qxf7 Qf5 35. Qxf5 exf5 36. Nxg5 b5 37. Nf3 1-0

[Event "Ankara Baskent Univ op-B 3rd"]
[Site "Ankara"]
[Date "2018.08.28"]
[Round "2"]
[White "Aykose, Can"]
[Black "Inel, Cihangir"]
[Result "1-0"]
[WhiteElo "1443"]
[BlackElo "1582"]
[PlyCount "135"]
[EventDate "2018.08.27"]
[EventType "swiss"]
[EventRounds "9"]
[EventCountry "TUR"]
[SourceTitle "EXT 2021"]
[Source "ChessBase"]
[SourceDate "2020.10.23"]
[SourceVersion "1"]
[SourceVersionDate "2020.10.23"]
[SourceQuality "1"]

1. e4 g6 2. d4 Bg7 3. c4 d6 4. Nc3 Nf6 5. f3 Nbd7 6. Nh3 c5 7. Be3 b6 8. Nf2 Bb7 9. d5 h5 10. Be2 a6 11. f4 Qc7 12. 0-0 Bc8 13. Qd2 Bh6 14. h3 h4 15. Nd3 Bg7 16. Bf2 Qb8 17. a4 Ng8 18. Bf3 Bb7 19. Rae1 Qc7 20. Re2 Bd4 21. Qe1 Ngf6 22. Kh1 0-0-0 23. Bxh4 Rh7 24. e5 dxe5 25. fxe5 Nxe5 26. Nxe5 Bxe5 27. Rxe5 Rxh4 28. Rxe7 Qd6 29. Rxb7 Rdh8 30. Rxf7 Rxh3+ 31. Kg1 Qh2+ 32. Kf2 Qg3+ 33. Ke2 Re8+ 34. Ne4 Nxe4 35. Qxg3 Rxg3 36. Kd3 Ng5 37. Rf6 Nxf3 38. gxf3 Rg2 39. Rxb6 Kd7 40. Rh1 Rge2 41. Rh7+ Kc8 42. Re6 R2xe6 43. dxe6 Rxe6 44. a5 Rd6+ 45. Kc3 Re6 46. Rf7 Re3+ 47. Kc2 Re6 48. Kb3 Re3+ 49. Ka4 Re2 50. b4 cxb4 51. Kxb4 Re6 52. Kc5 Kd8 53. Kd5 Re3 54. Rf6 g5 55. Rf5 Kd7 56. Kc5 Kc7 57. Rf7+ Kb8 58. Kc6 Re5 59. c5 Re6+ 60. Kd7 Re3 61. Kc6 Re6+ 62. Kd7 Re3 63. Rf6 Re5 64. c6 Rc5 65. Rf8+ Ka7 66. c7 g4 67. c8Q Rxc8 68. Kxc8 1-0